Εθνική Τράπεζα της Ελλάδος : περιέχων το κείμενον των νόμων, διαταγμάτων, συμβάσεων,κανονισμών κτλ. αφορώντων την Εθνικήν Τράπεζαν : παράρτημα, έτος 1928
Saved in:
| Corporate Author: | |
|---|---|
| Format: | Book |
| Language: | Greek |
| Published: |
Εν Αθήναις :
Τυπογραφείον Σ. Κ. Βλαστού,
1929
|
| Subjects: | |
| Tags: |
Add Tag
No Tags, Be the first to tag this record!
|
MARC
| LEADER | 00000nam a2200000 i 4500 | ||
|---|---|---|---|
| 001 | 1/103919 | ||
| 008 | 950525s1929 gre d | ||
| 035 | |l 10013073 | ||
| 040 | |a GR-MY-UA |b gre |e aacr | ||
| 041 | 0 | |a gre | |
| 082 | 0 | |a 332.109495 |2 (22) | |
| 110 | 2 | |a Εθνική Τράπεζα της Ελλάδος. | |
| 245 | 1 | 0 | |a Εθνική Τράπεζα της Ελλάδος : |b περιέχων το κείμενον των νόμων, διαταγμάτων, συμβάσεων,κανονισμών κτλ. αφορώντων την Εθνικήν Τράπεζαν : παράρτημα, έτος 1928 / |c Εθνική Τράπεζα της Ελλάδος |
| 260 | |a Εν Αθήναις : |b Τυπογραφείον Σ. Κ. Βλαστού, |c 1929 | ||
| 300 | |a 97 σ. | ||
| 500 | |a Τόμος Β - Παράρτημα, έτος 1928 | ||
| 610 | 2 | 0 | |a Εθνική Τράπεζα της Ελλάδος. |
| 650 | 0 | 0 | |a Banks and banking |z Greece |x History. |
| 852 | |a INST |b LESVOS |e 19950525 |h 332.109495 ΕΘΝ |p 005100000750 |q 005100000750 |t BK |y 0 | ||
| 909 | |a Λ |b 022074 | ||